J Balvin Discography - Statistics

General Stats
  • This quiz has been taken 9 times
  • The average score is 3 of 6
Answer Stats
Type Year Name % Correct
Album 2013 La Familia
100%
Album 2016 Energia
89%
Mixtape 2012 J Balvin Mix Tape
44%
Album 2011 El Negocio
33%
Reissued Album 2014 La Familia B Sides
33%
Album 2010 Real
22%
No matching quizzes found
Score Distribution
Percent of People with Each Score
Percentile by Number Answered
Your Score History
You have not taken this quiz